Earthquake Resistant Building Construction (Record no. 4694)

MARC details
000 -LEADER
fixed length control field 00416nam a22001697a 4500
005 - DATE AND TIME OF LATEST TRANSACTION
control field 20160629135453.0
008 - FIXED-LENGTH DATA ELEMENTS--GENERAL INFORMATION
fixed length control field 160629b xxu||||| |||| 00| 0 eng d
020 ## - INTERNATIONAL STANDARD BOOK NUMBER
ISBN 978-93-5014-204-2
041 ## - LANGUAGE CODE
Language code of text/sound track or separate title eng
082 ## - DEWEY DECIMAL CLASSIFICATION NUMBER
Item number 12251
100 ## - MAIN ENTRY--AUTHOR NAME
Personal name Sharma, Neelam
245 ## - TITLE STATEMENT
Title Earthquake Resistant Building Construction
260 ## - PUBLICATION, DISTRIBUTION, ETC. (IMPRINT)
Name of publisher Katson
Year of publication 2012
300 ## - PHYSICAL DESCRIPTION
Number of Pages 200
650 ## - SUBJECT ADDED ENTRY--TOPICAL TERM
Topical Term Diploma Engineering
942 ## - ADDED ENTRY ELEMENTS (KOHA)
Koha item type Books
Holdings
Lost status Damaged status Home library Current library Shelving location Date acquired Cost, normal purchase price Full call number Accession Number Koha item type
    JRU Library   SHELF-47-C 29/06/2016 135.00 12251 12251 Books
    JRU Library   SHELF-47-C 29/06/2016 135.00 12251 12252 Books
    JRU Library   SHELF-47-C 29/06/2016 135.00 12251 12253 Books
    JRU Library   SHELF-47-D 29/06/2016 135.00 12251 12254 Books
    JRU Library   SHELF-47-C 29/06/2016 135.00 12251 12255 Books
    JRU Library   SHELF-47-C 29/06/2016 135.00 12251 12256 Books
    JRU Library   SHELF-47-C 29/06/2016 135.00 12251 12257 Books
    JRU Library   SHELF-47-C 29/06/2016 135.00 12251 12258 Books
    JRU Library   SHELF-47-C 29/06/2016 135.00 12251 12259 Books
    JRU Library   SHELF-47-D 29/06/2016 135.00 12251 12260 Books